Fr. Conceicao Rodrigues College of Engineering

First Course in Compsc with Modula 2 (Record no. 33737)

MARC details
000 -LEADER
fixed length control field 00328nam a2200145Ia 4500
082 ## - DEWEY DECIMAL CLASSIFICATION NUMBER
Classification number 005.13 'W'
100 ## - MAIN ENTRY--PERSONAL NAME
Personal name Pinson/ L.J. & Others
245 ## - TITLE STATEMENT
Title First Course in Compsc with Modula 2
260 ## - PUBLICATION, DISTRIBUTION, ETC.
Name of publisher, distributor, etc. John wiley pub
Place of publication, distribution, etc. New York
Date of publication, distribution, etc. 1987
300 ## - PHYSICAL DESCRIPTION
Extent 510
546 ## - LANGUAGE NOTE
Language note ENGLISH
654 ## - SUBJECT ADDED ENTRY--FACETED TOPICAL TERMS
Focus term Computer
942 ## - ADDED ENTRY ELEMENTS (KOHA)
Koha item type Reference Book
Holdings
Withdrawn status Lost status Damaged status Not for loan Collection Home library Current library Shelving location Date acquired Source of acquisition Cost, normal purchase price Inventory number Total Checkouts Full call number Barcode Date last seen Cost, replacement price Price effective from Koha item type
        CRC Fr. Agnel's C.Rodrigues College of Engineering Fr. Agnel's C.Rodrigues College of Engineering   17/03/2023 global books 327.00 146   005.13 'W' 5965 17/03/2023 327.00 17/03/2023 Reference Book